000 00358nam a2200145Ia 4500
008 230917s9999||||xx |||||||||||||| ||und||
040 _e81365
_aMAIN
041 _aEnglish
082 _a340.115 S73S
100 _aSarkar, Amit
245 0 _aSocial justice: rhetoric and reality
260 _aDelhi
_bCapital Law
_c1988
300 _avi, 308 p.
942 _cBK
999 _c58765
_d58765